01217nam a22002177a 4500001001000000003000900010005001700019007000300036008004100039040002500080082002100105245011800126260003500244300002800279500053500307505002700842650003600869650003800905650003000943650002600973000017099DO-SdBNP20240513183244.0ta100317e1977 sp a b 001 0 spa d aDO-SdBNPbspacBNPHU 4a372.6bL566p22200aLenguaje 2do.. curso, educación primaria :blibro del alumnocrevisión técnica Margarita Vallejo de Paredes aSanto Domingo :bEdyca,c1977. a104 p. :bil. ;c28 cm. aEl material didáctico para los dos primeros cursos de Educación Primaria (Libros del alumno, cuadernos y guías para el maestro) ha sido creado en el Departamento de Investigaciones Educativas de EDYCA - Editorial Dominicana y del Caribe - utilizando las experiencias, materiales y asesoramiento desarrollados por Educación Santillana en España y Latinoamérica, por el siguiente equipo: Ernestina Grullon, Luisa Maria Altagracia, Argentina Bejaran de Rodriguez, Germecinda LLaverias Colon, Celia Moyano, Ana Silvente.2 aGuía para el maestro14aEspañolxEnseñanza básica14aEspañolxEnseñanza elemental 44aEspañol xLibros textos40aEducación primaria